00322 a2200109 450000500170000002000220001708200140003910000110005324500630006426000330012730000520016020260606092756.0 a978-3-031-09144-5 a005.1 LEE aLEE, R aSoftware Engineering Research, Management and Applications aSwitzerlandbSpringerc2022. axiii, 204p.: ill.; Figures, TablesbIndexc24cm